00803nac a22002291u 4500010001600000020002800016082001600044090001500060100003400075245005800109250001200167260005200179300003400231440003700265500002600302504006000328511002600388650002200414942001800436999001500454952010400469 a 95040960 a0133564940 (alk. paper)00a332.45bBUC c7461d7461 aBuckley, Adrian. 14aThe essence of international money /cAdrian Buckley. a2nd ed. aLondon ;aNew York :bPrentice Hall,1996c1996. axii, 182 p. :bill. ;c24 cm. 4aThe essence of management series adistributer: Al-Ahram aIncludes bibliographical references (p. 180) and index. acatalogued by: wessam 0aForeign exchange. cBBk332.45BUC c7461d7461 00104070aMAINbMAINc1STd2008-01-24ePurchasel0o332.45BUCp000008992r2025-07-15 00:00:00yBB